| 000 | 00529nam a2200181Ia 4500 | ||
|---|---|---|---|
| 008 | 240729s9999 xx 000 0 und d | ||
| 022 | _a1600-0617 | ||
| 245 | 0 | _aEuropean Respiratory Review | |
| 260 | _aUnited Kingdom | ||
| 260 | _bEuropean Respiratory Society | ||
| 650 | _a Diseases of the respiratory system | ||
| 650 | _a Internal medicine | ||
| 650 | _a Specialties of internal medicine | ||
| 650 | _aMedicine | ||
| 856 | _uhttps://doaj.org/toc/fc3e46007bc14eb5b9fcf422259f2a2d | ||
| 942 | _2ddc | ||
| 942 | _cDOAJEJ | ||
| 999 |
_c69029 _d69029 |
||
| 945 |
_a1 _bMadushi Gamage _c1 _dMadushi Gamage |
||